| 000 | 00431nam a2200181Ia 4500 | ||
|---|---|---|---|
| 008 | 230524s9999 xx 000 0 und d | ||
| 020 | _a8188429503 | ||
| 082 |
_a621.3192 _bNAN |
||
| 100 |
_aA.Usha Nandini _96204 |
||
| 245 | 0 | _aNetwork Theory | |
| 250 | _a1ST | ||
| 260 |
_aNEW DELHI _bScitech _c2004 |
||
| 300 | _aXII;457 | ||
| 500 | _aQuantity Number: 3 | ||
| 650 | _aElectrical | ||
| 700 | _a A Aravanmudan | ||
| 942 | _cBK | ||
| 999 |
_c17724 _d17724 |
||